Specification for sheet rubber jointing and rubber insertion jointing. (Revised). (Record no. 73891)

MARC details
000 -LEADER
fixed length control field 00366nam a2200121Ia 4500
245 #0 - TITLE STATEMENT
Title Specification for sheet rubber jointing and rubber insertion jointing. (Revised).
260 ## - PUBLICATION, DISTRIBUTION, ETC. (IMPRINT)
Year of publication 1965
500 ## - GENERAL NOTE
General note Standard number: IS 638
650 ## - SUBJECT ADDED ENTRY--TOPICAL TERM
Topical Term Rubber insertion jointing
650 ## - SUBJECT ADDED ENTRY--TOPICAL TERM
Topical Term Sheet rubber jointing
942 ## - ADDED ENTRY ELEMENTS (KOHA)
Koha item type Standards
Holdings
Withdrawn status Lost status Damaged status Not for loan Collection code Home library Current library Date acquired Koha item type
      Standards Indian standards RRII Library RRII Library 31/12/2021 Standards